00349nam a2200121Ia 4500008005100000041000800051082001200059100001800071245007700089260003500166300001900201440000700220240112s1975(JAN-JULY) xx 000 0 und d aeng a543.705 aAPPLETON H.D. aCLINICAL CHEMISTRY :JOURNAL OF THE AMERICAN ASS.OF THE CLINICAL CHEMISTS bPAUL B.HARPER c1975(JAN-JULY) a4320,HBc(1-5) v21